| 000 | 00906cam a2200217 4500 | ||
|---|---|---|---|
| 001 | WB3831-31 | ||
| 008 | 020829n2002 000 0 eng u | ||
| 035 | _a(Sirsi) u119474 | ||
| 245 | 2 | _aA second-class power | |
| 260 | _c2002 | ||
| 490 |
_aEstates Gazette _v(0234) 24 August 2002, 83(1) |
||
| 520 | _aExamines the limited jurisdiction of leasehold valuation tribunals (LVT) in service charge disputes. "Wandsworth LBC v Manuel" (unreported 2001) revealed that the LVT has limited powers to consider the reasonableness of unpaid service charges and that it is not desirable for proceedings to be fragmented between court and tribunal. | ||
| 590 | _aWB | ||
| 650 | _aSERVICE CHARGES | ||
| 650 | _aLEASEHOLD VALUATION TRIBUNALS | ||
| 650 | _aLVT | ||
| 650 | _aWANDSWORTH LBC V MANUEL | ||
| 650 | _aR V LONDON LVT EX P DAEJAN PROPERTIES LTD | ||
| 690 |
_aLandlord and tenant _96252 |
||
| 942 | _n0 | ||
| 999 |
_c71032 _d71032 |
||